Приказки от близо и далече : с големи букви за малки читатели (Запис номер 372303)
[ съкратено ]
| 000 -Лидер | |
|---|---|
| Лидер | 02912nam a2200325 a 4500 |
| 003 - Код на организацията, давaща контролен номер | |
| Код на организацията, даваща контролен номер | BLK |
| 005 - Дата и час на последна редакция | |
| Дата и час на последна редакция | 20250621132333.0 |
| 008 - Елементи от данни с фиксирана дължина | |
| Елементи с фиксирана дължина | 200701b bu ||||| |||| 00| 0 bu d |
| 020 ## - Международен стандартен номер на книга ISBN | |
| ISBN | 9786192110512 |
| 040 ## - Източник на каталожния запис | |
| Код на библиотеката | BLK |
| 041 ## - Код за език | |
| Език | Български |
| Език за КДБФ | Български |
| 080 ## - УДК | |
| УДК текст | Българска литература |
| УДК код | 821.163.2 |
| УДК – определител | -93-91 |
| УДК – код + определител | 821.163.2-93-91 |
| 084 ## - Класификационен индекс по друга класификация | |
| Авторски знак | При - П 87 |
| 100 ## - Редна дума - Автор | |
| R(LIN) | 421 |
| Автор | Петрова, Мария |
| 245 ## - Сведения за заглавието | |
| Заглавие | Приказки от близо и далече : с големи букви за малки читатели |
| Авторска отговорност | адапт. Мария Петрова ; худож. Светлана Кисьова. |
| 260 ## - Област на издателските данни | |
| 9 (RLIN) | 217114 |
| Място на издаване | София |
| Име на издателя | ПУХ |
| Година на издаване | 2016 |
| Печатница | София : Алианс принт |
| Издателство - префикс ISBN | 978-954-9701- |
| 300 ## - Физическа характеристика | |
| Брой страници | 127 с. |
| Илюстрации | с цв. ил. |
| Размер | 24 см |
| 380 ## - Жанр | |
| Жанр | Детска худож. лит. |
| 490 ## - СЕРИИ (Колекции) | |
| 9 (RLIN) | 207289 |
| Серия | Приказки с големи букви за малки читатели |
| ISSN на серия | ISSN C622-4628 |
| 500 ## - Общи забележки | |
| Обща забележка | Кор. опис.<br/>Пълната форма на името на адапт. Мария Петрова е Мария Петрова Донкова |
| 505 ## - Форматирана забележка | |
| Съдържа: | Съдържа: Куцото патенце ; Вълк и елен ; Господар и готвач ; Не със сила, а с ум ; Умният слуга ; Обущарят ; Косе Босе и лисицата ; Работният кос ; Лисицата кръстница ; Лисицата и врабчето ; Двете козлета ; Щурец и мравка ; Котарак, петел и лисица ; Лисицата и гроздето ; Златната мома ; Къщичката на Зайо ; Лисица и фазан ; Лисицата и стомната ; Житената питка ; Мишка и къртица ; Момче и вятър ; Хитър Петър на събрание ; Защо не убиват старите хора ; Правосъдието и лисицата ; Щъркел и лисица ; Лисицата и таралежът ; Мечката и лошата дума ; Нероден Петко ; Четиримата бременски музиканти ; Заекът и костенурката ; Маша и Мечокът ; Ряпата ; Ръкавичката ; Болен здрав носи ; Клан-недоклан ; Баба, Сладушка, Твърдушка, Мекушка и вълкът ; Торба с лъжи |
| 653 ## - Ключова дума – ненормативна | |
| 9 (RLIN) | 184826 |
| Ключови думи | детска литература |
| 700 ## - Други автори (авторска отговорност) | |
| 9 (RLIN) | 421 |
| Друг автор | Петрова, Мария |
| Авт. отговорност на др. автор | адапт. |
| 700 ## - Други автори (авторска отговорност) | |
| 9 (RLIN) | 263935 |
| Друг автор | Кисьова, Светлана Иванова |
| Авт. отговорност на др. автор | худож. |
| 852 ## - Местоположение | |
| Сигнатура (форматна) | Цб 300004 |
| Отдел | Хранилище |
| 852 ## - Местоположение | |
| Отдел | Детски отдел |
| Систематично-азбучна сигнатура | 821.163.2-93/П 87 |
| 942 ## - АРТИКУЛИ | |
| Вид на библиотечния документ | Книги |
| Скрит в OPAC | Не |
| Периодичен библиозапис | Да |
| Koha issues (borrowed), all copies | 4 |
| 944 ## - СЪЗДАВАНЕ И РЕДАКЦИЯ на ЗАПИСА | |
| Създаване/Редакция | Създаване |
| Дата на регистрацията/редакция | 2020-07-01 |
| Служител, извършил регистрацията/редакцията | 30552 |
| Номер на служител | Виолета Тройчева |
| 999 ## - СИСТЕМНИ КОНТРОЛНИ НОМЕРА | |
| Koha biblionumber | 372303 |
| Koha biblioitemnumber | 372303 |
| Код за отписване | Код за изгубен артикул | Източник на класификационната схема | Код за повреда | Код за отдаване | Артикулен № | Име на библиотеката - собственик | Име на библиотеката, в която се намира в момента | Статус (Текущо местоположение) | Дата на вписване в системата | Местоположение - отдел | Цена в лева | Систематично азбучна сигнатура | Баркод | Цена в евро | Служебен тип на артикула | Инвентарен номер |
|---|---|---|---|---|---|---|---|---|---|---|---|---|---|---|---|---|
| Не е изгубен | Universal Decimal Classification | Не е повреден | ползва се в читалня | 781393 | Регионална библиотека "Любен Каравелов" Русе | Регионална библиотека "Любен Каравелов" Русе | Хранилище | 2020-07-06 | Хранилище | 13.99 | Цб 300004 | 120000844858 | 7.15 | Книги | ||
| Не е изгубен | Universal Decimal Classification | Не е повреден | заемане за дома | 957748 | Регионална библиотека "Любен Каравелов" Русе | Регионална библиотека "Любен Каравелов" Русе | Детски отдел | 2025-01-08 | Детски отдел | 20.00 | 821.163.2-93/П 87 | 120000916515 | 10.23 | Книги | 120000916515 |